[Event "XIX Festival A"]
[Site "Porto San Giorgio ITA"]
[Date "2007.08.24"]
[Round "4"]
[White "Bogza Hamdouchi, Adina-Maria"]
[Black "Farago, Ivan"]
[Result "0-1"]
[WhiteElo "2287"]
[BlackElo "2501"]
[PlyCount "102"]
[EventDate "2007.08.21"]

1. d4 e6 2. Nf3 c5 3. c3 Nf6 4. Bg5 Be7 5. e3 b6 6. Nbd2 Bb7 7. Bd3 O-O 8. O-O
Nc6 9. a3 d5 10. Qe2 Nd7 11. Bxe7 Qxe7 12. e4 dxe4 13. Qxe4 Nf6 14. Qh4 Rad8
15. Rad1 h6 16. Rfe1 cxd4 17. cxd4 Rd7 18. Ne4 Rfd8 19. Ng3 Nh7 20. Qe4 g6 21.
Qe3 Ng5 22. Nxg5 Qxg5 23. Ne4 Qh4 24. g3 Qe7 25. Qxh6 Nxd4 26. Qf4 e5 27. Nf6+
Kg7 28. Nxd7 Nf3+ 29. Kf1 Nxh2+ 30. Kg1 Nf3+ 31. Kf1 Rxd7 32. Qb4 Qxb4 33. axb4
Rxd3 34. Rxd3 Ba6 35. Red1 e4 36. Ke2 Bxd3+ 37. Ke3 Ne5 38. Kd4 Ng4 39. Rd2 f5
40. b3 Kf6 41. Ra2 a6 42. f3 Ne5 43. fxe4 fxe4 44. b5 axb5 45. Ra6 Nd7 46. b4
Kf5 47. Ra7 Nf6 48. Rb7 Nh5 49. Rxb6 Nxg3 50. Ke3 g5 51. Rd6 Kg4 0-1

[Event "XIX Festival A"]
[Site "Porto San Giorgio ITA"]
[Date "2007.08.24"]
[Round "4"]
[White "Calavalle, Giulio"]
[Black "Rausis, Igors"]
[Result "0-1"]
[WhiteElo "2212"]
[BlackElo "2524"]
[PlyCount "86"]
[EventDate "2007.08.21"]

1. e4 d5 2. exd5 Nf6 3. Nc3 Nxd5 4. Nxd5 Qxd5 5. Qf3 Qc5 6. Qc3 Qxc3 7. dxc3 e5
8. Be3 Be6 9. Nf3 f6 10. Nd2 Nd7 11. Nb3 Bd6 12. f3 Ke7 13. Rd1 a5 14. a3 Rhd8
15. Kf2 h6 16. g4 a4 17. Nc1 e4 18. Be2 exf3 19. Bxf3 Ne5 20. h3 Nxf3 21. Kxf3
Ra5 22. Rhe1 f5 23. Rd4 Rf8 24. Ke2 c5 25. Rxd6 Kxd6 26. Bf4+ Ke7 27. g5 hxg5
28. Bxg5+ Kf7 29. Kf2 Bc4 30. b3 axb3 31. cxb3 Ba6 32. Re5 Rxa3 33. Rxc5 Kg6
34. h4 Re8 35. b4 Re6 36. b5 b6 37. Rd5 Bb7 38. Rd7 Be4 39. Rc7 Ra5 40. Be3
Rxb5 41. Ne2 Rb2 42. Ke1 Kh7 43. Bf4 Rc6 0-1

[Event "XIX Festival A"]
[Site "Porto San Giorgio ITA"]
[Date "2007.08.24"]
[Round "4"]
[White "Castaldo, Folco"]
[Black "Bianchi, Alberto"]
[Result "1-0"]
[WhiteElo "2345"]
[BlackElo "2019"]
[PlyCount "63"]
[EventDate "2007.08.21"]

1. d4 d5 2. c4 e6 3. Nc3 Be7 4. Nf3 Nf6 5. Bf4 c6 6. e3 O-O 7. Qc2 Nbd7 8. Rd1
Re8 9. Bd3 dxc4 10. Bxc4 Nd5 11. Bg3 Nb4 12. Qe2 b5 13. Bb3 a5 14. a3 a4 15.
Bxe6 fxe6 16. axb4 Bxb4 17. O-O Bxc3 18. bxc3 Qa5 19. Qc2 Nf6 20. Be5 Qd8 21.
Ng5 Qe7 22. f4 h6 23. Qg6 Bd7 24. Rf3 Rec8 25. Nh7 Nxh7 26. Rg3 Ng5 27. fxg5
Be8 28. Qe4 hxg5 29. Rh3 Qf7 30. Qh7+ Kf8 31. Bd6+ Qe7 32. Rf1+ 1-0

[Event "XIX Festival A"]
[Site "Porto San Giorgio ITA"]
[Date "2007.08.24"]
[Round "4"]
[White "Cerquitella, Luca"]
[Black "Jovanic, Ognjen"]
[Result "0-1"]
[WhiteElo "2196"]
[BlackElo "2491"]
[PlyCount "108"]
[EventDate "2007.08.21"]

1. e4 c5 2. Nf3 e6 3. c3 Nf6 4. Bd3 d5 5. e5 Nfd7 6. Bc2 c4 7. O-O Nc6 8. Re1
g5 9. d4 cxd3 10. Ba4 h6 11. Nd4 Qb6 12. Qxd3 Bc5 13. Bxc6 bxc6 14. b4 Be7 15.
Nb3 Ba6 16. Qg3 Qc7 17. N1d2 Rc8 18. Bb2 c5 19. Rac1 Qb8 20. a3 cxb4 21. axb4
Nf8 22. Ra1 Bc4 23. Nxc4 Rxc4 24. Nd2 Rc7 25. Nf3 Ng6 26. Nd4 Rc4 27. Qe3 O-O
28. g3 Kh7 29. Qe2 Bd8 30. b5 Bc7 31. Qc2 Rg8 32. Kh1 Kh8 33. Nc6 Qxb5 34. Nxa7
Qc5 35. Bc1 Rxc3 36. Qe2 Bxe5 37. Bb2 d4 38. Bxc3 dxc3 39. Qb5 Qxb5 40. Nxb5
Rb8 41. Ra5 Kg7 42. Rc1 Rc8 43. Ra3 Ne7 44. f4 Bf6 45. Nd6 Rd8 46. Ne4 Nd5 47.
Nxf6 Kxf6 48. fxg5+ hxg5 49. Kg2 Kg6 50. Ra6 Rb8 51. Ra2 Rb4 52. Kf3 g4+ 53.
Kg2 Rd4 54. Kf2 Rd2+ 0-1

[Event "XIX Festival A"]
[Site "Porto San Giorgio ITA"]
[Date "2007.08.24"]
[Round "4"]
[White "Cioara, Andrei Nestor"]
[Black "Jones, Gawain C.B."]
[Result "0-1"]
[WhiteElo "2430"]
[BlackElo "2526"]
[PlyCount "112"]
[EventDate "2007.08.21"]

1. d4 Nf6 2. c4 g6 3. g3 Bg7 4. Bg2 O-O 5. Nc3 d6 6. Nf3 Nbd7 7. O-O e5 8. e4
a6 9. dxe5 dxe5 10. Qc2 c6 11. Rd1 Qe7 12. h3 b5 13. Be3 Bb7 14. Nd2 Rfc8 15.
a3 a5 16. Na2 Nc5 17. b4 Ne6 18. Nb3 axb4 19. axb4 bxc4 20. Qxc4 Ba6 21. Qc2
Bb5 22. Bc5 Nxc5 23. Nxc5 Qa7 24. Rdb1 Rd8 25. Qc1 Qb8 26. Nc3 Rxa1 27. Rxa1 h5
28. Na6 Bxa6 29. Rxa6 Qb7 30. Qa1 Rd2 31. Qa4 h4 32. g4 Rb2 33. Qxc6 Qxb4 34.
Ra4 Qe7 35. Ra8+ Bf8 36. Qc8 Kg7 37. Nd5 Nxd5 38. exd5 Qc5 39. Qxc5 Bxc5 40.
Rc8 Bxf2+ 41. Kf1 Be3 42. Be4 Rb4 43. Bc2 Bg5 44. Rc7 Rd4 45. Rb7 Rxd5 46. Bb3
Rd3 47. Ke2 Rxh3 48. Bxf7 e4 49. Be8+ Kf6 50. Rb6+ Ke5 51. Bxg6 Rh2+ 52. Kf1 e3
53. Rb5+ Kf4 54. Bh5 Rf2+ 55. Kg1 Kg3 56. Be8 e2 0-1

[Event "XIX Festival A"]
[Site "Porto San Giorgio ITA"]
[Date "2007.08.24"]
[Round "4"]
[White "Csiszar, Csaba"]
[Black "Georgiev, Vladimir"]
[Result "1-0"]
[WhiteElo "2430"]
[BlackElo "2568"]
[PlyCount "93"]
[EventDate "2007.08.21"]

1. d4 Nf6 2. c4 e6 3. Nf3 d5 4. Nc3 c6 5. Bg5 h6 6. Bxf6 Qxf6 7. Qb3 dxc4 8.
Qxc4 Nd7 9. e3 g6 10. Bd3 Bg7 11. h4 Qe7 12. h5 g5 13. O-O-O Nb6 14. Qb3 Nd5
15. e4 Nxc3 16. Qxc3 O-O 17. e5 b6 18. Bc2 Ba6 19. Qe3 Rfd8 20. Qe4 c5 21. Nh2
cxd4 22. Qh7+ Kf8 23. Ng4 Qc5 24. Nxh6 Bxh6 25. Qxh6+ Ke8 26. Kb1 Qxe5 27. Rhe1
Be2 28. Ka1 d3 29. Bxd3 Rac8 30. a3 Rxd3 31. Rxd3 Rc2 32. Rb3 Bd3 33. Rb1 Rd2
34. Rc1 Ke7 35. Rbc3 Bc4 36. f4 gxf4 37. g3 Qb5 38. b3 Rf2 39. Rxc4 Qe5+ 40.
R4c3 Rf1 41. Ka2 Rxc1 42. Rxc1 Qe2+ 43. Ka1 Qe5+ 44. Kb1 Qf5+ 45. Rc2 fxg3 46.
Qg7 Qd3 47. Kb2 1-0

[Event "XIX Festival A"]
[Site "Porto San Giorgio ITA"]
[Date "2007.08.24"]
[Round "4"]
[White "Di Caro, Calogero"]
[Black "Bokros, Albert"]
[Result "1/2-1/2"]
[WhiteElo "2366"]
[BlackElo "2468"]
[PlyCount "103"]
[EventDate "2007.08.21"]

1. e4 c5 2. Nf3 e6 3. d4 cxd4 4. Nxd4 Nf6 5. Nc3 Nc6 6. Be2 d6 7. O-O Be7 8.
Be3 O-O 9. f4 a6 10. a4 Qc7 11. Kh1 Bd7 12. Nb3 b6 13. Bf3 Bc8 14. Qe1 Bb7 15.
g4 Rfe8 16. g5 Nd7 17. Bg2 Nb4 18. Qf2 Bf8 19. Rad1 Rac8 20. Rd4 d5 21. e5 g6
22. h4 Bc5 23. Rd2 Bxe3 24. Qxe3 Nc5 25. Nd4 Nc6 26. Nde2 Red8 27. Rfd1 Ne7 28.
Ng3 Nf5 29. Nxf5 gxf5 30. Rd4 Ne4 31. Bxe4 dxe4 32. Rxd8+ Rxd8 33. Rxd8+ Qxd8
34. Kg1 Bc6 35. Kf2 b5 36. axb5 axb5 37. b4 Kg7 38. Ke1 Kg6 39. h5+ Kg7 40. h6+
Kg6 41. Ne2 Bd5 42. Ng3 Qa8 43. Qe2 Qa1+ 44. Kf2 e3+ 45. Qxe3 Qd1 46. c3 Qg4
47. Ne2 Qg2+ 48. Ke1 Bc4 49. Ng3 Bd5 50. Qf2 Qh3 51. Kd2 Bc4 52. Ke3 1/2-1/2

[Event "XIX Festival A"]
[Site "Porto San Giorgio ITA"]
[Date "2007.08.24"]
[Round "4"]
[White "Fedorchuk, Sergey A."]
[Black "Sbraccia, Giovanni"]
[Result "1-0"]
[WhiteElo "2618"]
[BlackElo "2145"]
[PlyCount "55"]
[EventDate "2007.08.21"]

1. e4 c6 2. d4 d5 3. Nd2 dxe4 4. Nxe4 Bf5 5. Ng3 Bg6 6. h4 h6 7. Nf3 Nd7 8. h5
Bh7 9. Bd3 Bxd3 10. Qxd3 Qc7 11. Bd2 Ngf6 12. O-O-O e6 13. Kb1 Bd6 14. Ne4 Bf4
15. Be1 Nxe4 16. Qxe4 O-O-O 17. c4 c5 18. Bc3 Nf6 19. Qe2 b5 20. dxc5 bxc4 21.
g3 Bg5 22. Qxc4 Nd5 23. Bxg7 Rhg8 24. Be5 Qa5 25. Rd3 Be7 26. Ra3 Qxc5 27.
Qxc5+ Bxc5 28. Rc1 1-0

[Event "XIX Festival A"]
[Site "Porto San Giorgio ITA"]
[Date "2007.08.24"]
[Round "4"]
[White "Hamdouchi, Hichem"]
[Black "Trent, Lawrence"]
[Result "0-1"]
[WhiteElo "2576"]
[BlackElo "2458"]
[PlyCount "86"]
[EventDate "2007.08.21"]

1. e4 e5 2. Nf3 Nc6 3. Bb5 a6 4. Ba4 Nf6 5. O-O b5 6. Bb3 Bc5 7. a4 Rb8 8. axb5
axb5 9. Nxe5 Nxe5 10. d4 Bxd4 11. Qxd4 d6 12. f4 c5 13. Qc3 Nc6 14. e5 Ne4 15.
Qd3 c4 16. Qxe4 d5 17. Qf3 Bf5 18. Nc3 cxb3 19. cxb3 Nb4 20. Rd1 Qb6+ 21. Be3
Qg6 22. Nxd5 Nxd5 23. Qxd5 O-O 24. Rd2 h5 25. b4 Rfd8 26. Qxd8+ Rxd8 27. Rxd8+
Kh7 28. Rd2 h4 29. Kf2 Be4 30. Rg1 Bc6 31. Ke1 Qe4 32. Re2 Qxb4+ 33. Kf2 Qe4
34. h3 Qg6 35. g3 Qe4 36. gxh4 Qf3+ 37. Ke1 Bd5 38. Kd2 Qe4 39. Reg2 Qb4+ 40.
Ke2 Qxb2+ 41. Bd2 Bxg2 42. Rxg2 b4 43. h5 b3 0-1

[Event "XIX Festival A"]
[Site "Porto San Giorgio ITA"]
[Date "2007.08.24"]
[Round "4"]
[White "Korneev, Oleg"]
[Black "Rendle, Thomas E."]
[Result "1-0"]
[WhiteElo "2565"]
[BlackElo "2416"]
[PlyCount "63"]
[EventDate "2007.08.21"]

1. e4 e6 2. d4 d5 3. Nd2 dxe4 4. Nxe4 Bd7 5. Nf3 Bc6 6. Bd3 Nd7 7. O-O Ngf6 8.
Ng3 Be7 9. c4 O-O 10. Bf4 Bxf3 11. Qxf3 c6 12. Rad1 Qb6 13. b3 Rfd8 14. h4 Nf8
15. h5 h6 16. Bb1 a5 17. c5 Qb4 18. Bd2 Qxd4 19. Bxa5 Qxc5 20. Bxd8 Bxd8 21.
Ne4 Nxe4 22. Bxe4 Bc7 23. a4 Ra5 24. g3 Qxh5 25. Qxh5 Rxh5 26. b4 Rg5 27. Kg2
e5 28. b5 cxb5 29. axb5 b6 30. Rc1 Ne6 31. Rfd1 Kf8 32. Rd7 1-0

[Event "XIX Festival A"]
[Site "Porto San Giorgio ITA"]
[Date "2007.08.24"]
[Round "4"]
[White "Krivoshey, Sergei"]
[Black "Horvath, Peter"]
[Result "1/2-1/2"]
[WhiteElo "2500"]
[BlackElo "2445"]
[PlyCount "59"]
[EventDate "2007.08.21"]

1. Nf3 d5 2. d4 Nf6 3. c4 e6 4. Nc3 Bb4 5. cxd5 exd5 6. Bg5 h6 7. Bh4 c6 8. Qc2
g5 9. Bg3 Ne4 10. Nd2 Nxg3 11. hxg3 Nd7 12. e3 Nb6 13. Bd3 Qf6 14. Nf3 Be6 15.
a3 Bd6 16. e4 Qe7 17. O-O-O O-O-O 18. Rhe1 dxe4 19. Nxe4 Kb8 20. Kb1 Qc7 21.
Nc5 Bd5 22. Be4 Bxe4 23. Qxe4 Nd5 24. Ne5 Bxc5 25. dxc5 Rhe8 26. Qd4 Nc3+ 27.
Qxc3 Rxd1+ 28. Rxd1 Qxe5 29. Rd8+ Kc7 30. Rxe8 1/2-1/2

[Event "XIX Festival A"]
[Site "Porto San Giorgio ITA"]
[Date "2007.08.24"]
[Round "4"]
[White "La Manna, Francesco"]
[Black "Mrdja, Milan"]
[Result "0-1"]
[WhiteElo "2179"]
[BlackElo "2385"]
[PlyCount "74"]
[EventDate "2007.08.21"]

1. d4 g6 2. c4 Bg7 3. Nc3 c5 4. d5 Nf6 5. e4 d6 6. Bd3 O-O 7. Nge2 e6 8. O-O
exd5 9. cxd5 a6 10. a4 Ng4 11. Ng3 Qh4 12. h3 Nxf2 13. Rxf2 Qxg3 14. Bf4 Qh4
15. Bxd6 Bd4 16. Qf3 Nd7 17. g3 Qxh3 18. Ne2 Bxf2+ 19. Qxf2 Qh6 20. Rf1 Qg7 21.
Bxf8 Qxf8 22. Qf4 Qe8 23. Qc7 Ne5 24. Nf4 Bg4 25. Bc2 Rc8 26. Qxb7 g5 27. Nd3
Nf3+ 28. Rxf3 Bxf3 29. Ne5 Rb8 30. Qc7 Rxb2 31. Nxf3 Rxc2 32. d6 Qxe4 33. Qd8+
Kg7 34. Qxg5+ Qg6 35. Qf4 Re2 36. Kf1 Re4 37. Qd2 Qf6 0-1

[Event "XIX Festival A"]
[Site "Porto San Giorgio ITA"]
[Date "2007.08.24"]
[Round "4"]
[White "Miezis, Normunds"]
[Black "Calzetta Ruiz, Monica"]
[Result "1-0"]
[WhiteElo "2524"]
[BlackElo "2278"]
[PlyCount "103"]
[EventDate "2007.08.21"]

1. c4 c5 2. Nc3 Nf6 3. e4 Nc6 4. f4 d6 5. Nf3 g6 6. d3 Bg7 7. g3 Bg4 8. h3 Bxf3
9. Qxf3 Rb8 10. Bg2 Nd4 11. Qf2 a6 12. O-O O-O 13. Be3 Nd7 14. Rac1 b5 15. b4
bxc4 16. bxc5 Nxc5 17. Bxd4 Nxd3 18. Qe3 Bxd4 19. Qxd4 Nxc1 20. Rxc1 e5 21. Qd2
Qb6+ 22. Kh2 Qd4 23. Qc2 Rb7 24. Rd1 Qc5 25. Rd5 Qa3 26. Nd1 Rfb8 27. fxe5 dxe5
28. Qxc4 h5 29. h4 Rb4 30. Qc2 Rb1 31. Rd7 Rc1 32. Qf2 Qf8 33. Ne3 Rd8 34. Ra7
Ra8 35. Rxa8 Qxa8 36. Nd5 Qd8 37. Qb2 Rc6 38. Qxe5 Re6 39. Qf4 Kg7 40. Bh3 Rc6
41. Qe5+ Kh7 42. Qb2 Qd6 43. Bg2 Qe6 44. a4 Rd6 45. a5 Rc6 46. Qb4 Kg7 47. Qd4+
Kh7 48. e5 Rc8 49. Nf4 Qc4 50. Qd6 Re8 51. Nxg6 Qb5 52. Ne7 1-0

[Event "XIX Festival A"]
[Site "Porto San Giorgio ITA"]
[Date "2007.08.24"]
[Round "4"]
[White "Naumkin, Igor"]
[Black "Bontempi, Piero"]
[Result "1/2-1/2"]
[WhiteElo "2490"]
[BlackElo "2349"]
[PlyCount "45"]
[EventDate "2007.08.21"]

1. d4 d5 2. c4 Bf5 3. cxd5 Bxb1 4. Qa4+ c6 5. Rxb1 Qxd5 6. Nf3 Nd7 7. a3 Qf5 8.
Ra1 e5 9. e3 Ngf6 10. Be2 e4 11. Nd2 Bd6 12. Qc2 Qg6 13. g4 O-O-O 14. b4 Kb8
15. h4 Nxg4 16. Qxe4 f5 17. Qg2 Nb6 18. Nb3 Rhe8 19. Kf1 Nd5 20. Rh3 Nc3 21.
Bc4 Nd1 22. Ra2 Re7 23. h5 1/2-1/2

[Event "XIX Festival A"]
[Site "Porto San Giorgio ITA"]
[Date "2007.08.24"]
[Round "4"]
[White "Ninov, Nikolai Ivanov"]
[Black "Stromboli, Carlo"]
[Result "1-0"]
[WhiteElo "2536"]
[BlackElo "2229"]
[PlyCount "61"]
[EventDate "2007.08.21"]

1. e4 e5 2. Nf3 Nc6 3. d4 exd4 4. Nxd4 Bb4+ 5. c3 Be7 6. Bc4 Nf6 7. Nxc6 bxc6
8. e5 Nd5 9. Qg4 Kf8 10. Qf3 Rb8 11. O-O d6 12. exd6 Bxd6 13. Nd2 Qh4 14. h3 h5
15. Re1 Bg4 16. Qd3 Nf6 17. Qd4 c5 18. Nf3 cxd4 19. Nxh4 Bd7 20. cxd4 Bb4 21.
Re2 Bb5 22. Rc2 Bd7 23. Bf4 Ne8 24. Bb3 Bd6 25. Bxd6+ cxd6 26. Nf3 Rh6 27. Ng5
Be6 28. Nxe6+ fxe6 29. Re1 Rb4 30. Bxe6 Rxd4 31. Rc8 1-0

[Event "XIX Festival A"]
[Site "Porto San Giorgio ITA"]
[Date "2007.08.24"]
[Round "4"]
[White "Popchev, Milko"]
[Black "Brkic, Ante"]
[Result "0-1"]
[WhiteElo "2456"]
[BlackElo "2558"]
[PlyCount "74"]
[EventDate "2007.08.21"]

1. Nf3 c5 2. c4 Nc6 3. Nc3 e5 4. g3 g6 5. Bg2 Bg7 6. O-O d6 7. Ne1 Be6 8. d3
Nge7 9. Nc2 d5 10. cxd5 Nxd5 11. Ne4 b6 12. Ng5 Bc8 13. Ne3 Nde7 14. Nc4 O-O
15. a4 h6 16. Ne4 Be6 17. a5 Rb8 18. axb6 axb6 19. Nc3 b5 20. Ne3 Nd4 21. Ra6
f5 22. f4 exf4 23. gxf4 Rb6 24. Ra1 Qc7 25. Qe1 Bf7 26. Kh1 Re6 27. Qd1 Rd6 28.
Qe1 Re8 29. Qf2 Nec6 30. Rb1 Nb4 31. Bd2 Nb3 32. Qe1 Nxd3 33. exd3 Rxd3 34. Bc1
Nxc1 35. Qxc1 Rexe3 36. Nd1 Re2 37. Nf2 Rdd2 0-1

[Event "XIX Festival A"]
[Site "Porto San Giorgio ITA"]
[Date "2007.08.24"]
[Round "4"]
[White "Tomba, Ivan"]
[Black "Sacchini, Marco"]
[Result "1-0"]
[WhiteElo "2244"]
[BlackElo "2116"]
[PlyCount "53"]
[EventDate "2007.08.21"]

1. e4 g6 2. d4 Bg7 3. Nc3 c6 4. Bc4 d6 5. Qf3 Nf6 6. e5 dxe5 7. dxe5 Nd5 8.
Nxd5 cxd5 9. Bxd5 O-O 10. Bxb7 Bxb7 11. Qxb7 Qa5+ 12. c3 Na6 13. Qf3 Rab8 14.
Ne2 Bxe5 15. O-O Qc7 16. g3 Rfd8 17. b3 Rbc8 18. Bf4 Bxf4 19. Nxf4 Qxc3 20. Qb7
Nb4 21. Qxe7 Rd2 22. Qxa7 Qf3 23. a3 Nc2 24. Rac1 Qxb3 25. a4 Qf3 26. Qa5 Rcd8
27. Rxc2 1-0

[Event "XIX Festival A"]
[Site "Porto San Giorgio ITA"]
[Date "2007.08.24"]
[Round "4"]
[White "Zaja, Ivan"]
[Black "Estremera Panos, Sergio"]
[Result "1/2-1/2"]
[WhiteElo "2464"]
[BlackElo "2375"]
[PlyCount "65"]
[EventDate "2007.08.21"]

1. d4 Nf6 2. c4 e6 3. Nf3 d5 4. g3 dxc4 5. Bg2 a6 6. O-O b5 7. Ne5 Nd5 8. a4
Bb7 9. e4 Nf6 10. axb5 axb5 11. Rxa8 Bxa8 12. Nc3 c6 13. Bg5 Be7 14. Qa1 Bb7
15. Qa7 Qc8 16. d5 O-O 17. dxe6 fxe6 18. Rd1 Na6 19. Nd7 Rf7 20. Nb6 Qc7 21.
Bf4 e5 22. Bxe5 Qxe5 23. Qxb7 Nb4 24. Nd7 Nxd7 25. Rxd7 Qc5 26. Nd1 Nd3 27. Qa7
Qxa7 28. Rxa7 Bf6 29. Rxf7 Kxf7 30. e5 Bxe5 31. Bxc6 Nxb2 32. Nxb2 Bxb2 33.
Bxb5 1/2-1/2

[Event "XIX Festival A"]
[Site "Porto San Giorgio ITA"]
[Date "2007.08.25"]
[Round "5"]
[White "Bokros, Albert"]
[Black "Tomba, Ivan"]
[Result "0-1"]
[WhiteElo "2468"]
[BlackElo "2244"]
[PlyCount "104"]
[EventDate "2007.08.21"]

1. e4 c5 2. Nf3 d6 3. d4 cxd4 4. Nxd4 Nf6 5. f3 Nc6 6. c4 Qb6 7. Nc2 e6 8. Nc3
Be7 9. Rb1 O-O 10. Be3 Qc7 11. Be2 Rd8 12. Nb5 Qd7 13. Nbd4 d5 14. cxd5 exd5
15. Nxc6 bxc6 16. e5 Ne8 17. b4 a5 18. Bb6 axb4 19. Nxb4 Nc7 20. Qc2 Bb7 21.
O-O Rdc8 22. Nd3 Ne6 23. f4 c5 24. Bg4 c4 25. Nf2 d4 26. f5 Ng5 27. Bxd4 Be4
28. Nxe4 Qxd4+ 29. Nf2 Bc5 30. Kh1 Qxe5 31. Rbe1 Qf6 32. h4 Qh6 33. g3 Ra3 34.
Rg1 Nf3 35. Bxf3 Rxf3 36. Re2 Qb6 37. Rg2 c3 38. Ng4 Rf1+ 39. Kh2 Bd4 40. Qa4
h5 41. Re8+ Rxe8 42. Qxe8+ Kh7 43. Qxf7 hxg4 44. Qh5+ Qh6 45. Qxg4 Bf6 46. Re2
Rb1 47. Kh3 Rh1+ 48. Kg2 Rd1 49. Kh3 Rd4 50. Qf3 Bxh4 51. Qxc3 Bf6+ 52. Kg2 Rd1
0-1

[Event "XIX Festival A"]
[Site "Porto San Giorgio ITA"]
[Date "2007.08.25"]
[Round "5"]
[White "Horvath, Peter"]
[Black "Miezis, Normunds"]
[Result "1/2-1/2"]
[WhiteElo "2445"]
[BlackElo "2524"]
[PlyCount "144"]
[EventDate "2007.08.21"]

1. d4 Nf6 2. c4 c5 3. d5 e6 4. Nf3 exd5 5. cxd5 Bd6 6. Bg5 h6 7. Bh4 Qa5+ 8.
Nc3 Ne4 9. Qc2 Nxc3 10. bxc3 b5 11. e4 O-O 12. Be2 Re8 13. O-O Na6 14. Rfe1 Bb7
15. a4 b4 16. e5 Bf8 17. d6 Bd5 18. Bb5 Be6 19. Qe2 Nb8 20. Qe4 Nc6 21. Bxc6
dxc6 22. cxb4 Qxb4 23. Rad1 Qxe4 24. Rxe4 Reb8 25. h3 Bd5 26. Re3 Rb4 27. g4 g5
28. Bg3 Rxa4 29. Rc1 Rb8 30. h4 Rxg4 31. hxg5 hxg5 32. Rxc5 Rb1+ 33. Kg2 Re4
34. Rxd5 cxd5 35. Rd3 g4 36. Nd2 Rd1 37. Rxd5 Ree1 38. Bh2 Kh7 39. d7 Be7 40.
d8=Q Bxd8 41. Rxd8 a5 42. Rd4 Kh8 43. Rd8+ Kg7 44. Rd4 Kf8 45. e6 f5 46. Rd5 f4
47. Rxa5 f3+ 48. Nxf3 gxf3+ 49. Kxf3 Rxe6 50. Bg3 Kf7 51. Kg2 Kg6 52. Rb5 Rc6
53. Ra5 Rdc1 54. Rb5 R6c5 55. Rb8 Kf5 56. Rf8+ Ke4 57. Re8+ Kd3 58. Rd8+ Kc4
59. Rd7 Rc3 60. Rd8 Rd5 61. Ra8 Kd3 62. Re8 Rc4 63. Re3+ Kd2 64. Re8 Rdd4 65.
Re7 Re4 66. Rd7+ Ke2 67. Ra7 Rcd4 68. Ra2+ Rd2 69. Ra8 Rdd4 70. Ra2+ Rd2 71.
Ra7 Rdd4 72. Ra2+ Rd2 1/2-1/2

[Event "XIX Festival A"]
[Site "Porto San Giorgio ITA"]
[Date "2007.08.25"]
[Round "5"]
[White "Jovanic, Ognjen"]
[Black "Bentivegna, Francesco"]
[Result "1-0"]
[WhiteElo "2491"]
[BlackElo "2277"]
[PlyCount "99"]
[EventDate "2007.08.21"]

1. d4 e6 2. c4 b6 3. a3 Bb7 4. Nc3 f5 5. d5 Nf6 6. g3 Na6 7. Bg2 Nc5 8. Qc2 Bd6
9. Nh3 Be5 10. Nf4 O-O 11. O-O Qe7 12. Bd2 a5 13. Rab1 Bxc3 14. Bxc3 Nfe4 15.
Rfd1 e5 16. Nd3 Nxd3 17. Rxd3 Nxc3 18. Rxc3 d6 19. b4 axb4 20. axb4 Qf7 21. Rd1
Qd7 22. c5 Qa4 23. Qb1 Rf7 24. e4 Qa2 25. exf5 Qxb1 26. Rxb1 Rxf5 27. Bh3 Rff8
28. Be6+ Kh8 29. cxd6 cxd6 30. Rc7 Bc8 31. Rc6 Bxe6 32. dxe6 Rf6 33. Rxd6 Re8
34. Rc1 Kg8 35. Rcc6 b5 36. Rb6 e4 37. Rxb5 Rfxe6 38. Rxe6 Rxe6 39. Kf1 e3 40.
f4 e2+ 41. Ke1 Re4 42. Rb7 h5 43. b5 h4 44. b6 Kh7 45. f5 hxg3 46. hxg3 Kh6 47.
Rb8 Kg5 48. b7 Re7 49. f6 Rf7 50. Rg8 1-0

[Event "XIX Festival A"]
[Site "Porto San Giorgio ITA"]
[Date "2007.08.25"]
[Round "5"]
[White "Mrdja, Milan"]
[Black "Fedorchuk, Sergey A."]
[Result "0-1"]
[WhiteElo "2385"]
[BlackElo "2618"]
[PlyCount "43"]
[EventDate "2007.08.21"]

1. e4 c5 2. Nf3 d6 3. d4 cxd4 4. Nxd4 Nf6 5. Nc3 e6 6. g4 h6 7. h4 Nc6 8. g5
hxg5 9. Bxg5 Qb6 10. Nb3 Bd7 11. Be2 Rc8 12. Qd2 Nb4 13. f3 Be7 14. O-O-O Nxa2+
15. Nxa2 Qxb3 16. Kb1 Qa4 17. e5 dxe5 18. Bxf6 Bxf6 19. Nc3 Qd4 20. Nb5 Qxd2
21. Rxd2 Ke7 22. Nxa7 0-1

[Event "XIX Festival A"]
[Site "Porto San Giorgio ITA"]
[Date "2007.08.25"]
[Round "5"]
[White "Naumkin, Igor"]
[Black "Csiszar, Csaba"]
[Result "1-0"]
[WhiteElo "2490"]
[BlackElo "2430"]
[PlyCount "71"]
[EventDate "2007.08.21"]

1. d4 Nf6 2. c4 e6 3. Nf3 b6 4. g3 Bb7 5. Bg2 Be7 6. Nc3 Ne4 7. Bd2 Bf6 8. O-O
O-O 9. Rc1 d5 10. cxd5 exd5 11. Bf4 Na6 12. a3 c5 13. Be5 Re8 14. e3 Bxe5 15.
Nxe5 Qe7 16. Qa4 Nc7 17. Rfd1 f6 18. Nd3 c4 19. Nxe4 b5 20. Nxf6+ Qxf6 21. Qa5
Qd6 22. Ne5 a6 23. b3 Rab8 24. Rb1 Ba8 25. Rdc1 Rbd8 26. a4 Re7 27. axb5 axb5
28. h4 g6 29. Rb2 Kg7 30. Ra1 Rf8 31. Qe1 Rd8 32. bxc4 bxc4 33. Ra7 Ne6 34.
Rba2 Bb7 35. Qb1 Bc8 36. Rxe7+ 1-0

[Event "XIX Festival A"]
[Site "Porto San Giorgio ITA"]
[Date "2007.08.25"]
[Round "5"]
[White "Ranieri, Fabrizio"]
[Black "Zaja, Ivan"]
[Result "0-1"]
[WhiteElo "2241"]
[BlackElo "2464"]
[PlyCount "68"]
[EventDate "2007.08.21"]

1. e4 e6 2. d4 d5 3. Nc3 Bb4 4. e5 c5 5. a3 Ba5 6. b4 cxd4 7. Qg4 Ne7 8. bxa5
dxc3 9. Qxg7 Rg8 10. Qxh7 Nbc6 11. f4 Qxa5 12. Nf3 Bd7 13. Rb1 O-O-O 14. Qd3 d4
15. g3 Nf5 16. Bg2 Nce7 17. Nxd4 Nxd4 18. Qxd4 Bc6 19. Qc4 Nd5 20. O-O Rd7 21.
Rb3 Rc7 22. Qe2 Ba4 23. Rb1 Qc5+ 24. Kh1 Kb8 25. Be4 Bc6 26. Bg2 Rd7 27. Qf2
Qc4 28. Rd1 Rgd8 29. f5 Ne7 30. Rxd7 Rxd7 31. Be3 Nxf5 32. Bxa7+ Ka8 33. Be3
Bxg2+ 34. Kxg2 Qe4+ 0-1

[Event "XIX Festival A"]
[Site "Porto San Giorgio ITA"]
[Date "2007.08.25"]
[Round "5"]
[White "Rausis, Igors"]
[Black "Michalczak, Thomas"]
[Result "1/2-1/2"]
[WhiteElo "2524"]
[BlackElo "2324"]
[PlyCount "107"]
[EventDate "2007.08.21"]

1. e4 e5 2. Nf3 Nc6 3. Bb5 a6 4. Bxc6 dxc6 5. O-O Bg4 6. h3 Bh5 7. c3 Qd3 8.
Re1 Bxf3 9. Qxf3 Qxf3 10. gxf3 O-O-O 11. Kf1 Be7 12. Ke2 Bg5 13. Rg1 f6 14. h4
Bxh4 15. Rxg7 Bg5 16. Na3 Rd7 17. Rxd7 Kxd7 18. d4 Bxc1 19. Rxc1 Ne7 20. f4
exf4 21. Kf3 Ng6 22. Rh1 c5 23. Rh5 b6 24. Nc4 cxd4 25. cxd4 Ke6 26. b4 c6 27.
Nxb6 Rb8 28. d5+ cxd5 29. exd5+ Kf7 30. Nd7 Rxb4 31. Rxh7+ Ke8 32. Nxf6+ Kd8
33. Ra7 Ne5+ 34. Kg2 Rb6 35. Ne4 Rg6+ 36. Kf1 f3 37. d6 Rh6 38. Kg1 Rg6+ 39.
Kh2 Nd3 40. Rf7 Rg2+ 41. Kh3 Nxf2+ 42. Nxf2 Rxf2 43. a3 Rd2 44. Kg3 Rxd6 45.
Kxf3 Rd3+ 46. Ke4 Rxa3 47. Kd5 Ra1 48. Kc6 a5 49. Kb5 a4 50. Kb4 Ke8 51. Rf3
Kd7 52. Ra3 Rxa3 53. Kxa3 Kc6 54. Kxa4 1/2-1/2

[Event "XIX Festival A"]
[Site "Porto San Giorgio ITA"]
[Date "2007.08.25"]
[Round "5"]
[White "Rendle, Thomas E."]
[Black "Stromboli, Ettore"]
[Result "1-0"]
[WhiteElo "2416"]
[BlackElo "2233"]
[PlyCount "97"]
[EventDate "2007.08.21"]

1. e4 e6 2. d4 d5 3. Nd2 c5 4. exd5 exd5 5. Ngf3 Nc6 6. Be2 Bd6 7. dxc5 Bxc5 8.
Nb3 Bd6 9. c3 Nge7 10. Nfd4 O-O 11. O-O Nf5 12. Nxf5 Bxf5 13. Nd4 Nxd4 14. Qxd4
Re8 15. Bf3 Be4 16. Bxe4 Rxe4 17. Qd3 Qe7 18. h3 Rd8 19. Be3 Bc5 20. Bxc5 Qxc5
21. Rad1 Qe7 22. Rd2 g6 23. Rfd1 Qe5 24. Qg3 Re1+ 25. Kh2 Qe6 26. Rxe1 Qxe1 27.
Qe3 Qxe3 28. fxe3 f5 29. c4 Kf7 30. cxd5 Kf6 31. Kg3 Ke5 32. Rc2 Rd7 33. Kf3
Kxd5 34. Rd2+ Ke6 35. Rxd7 Kxd7 36. Kf4 h6 37. Ke5 Ke7 38. h4 h5 39. a4 a6 40.
a5 Kf7 41. Kd6 Kf6 42. Kc7 Ke5 43. Kxb7 Ke4 44. Kxa6 Kxe3 45. Kb5 Kf2 46. a6
Kxg2 47. a7 Kg3 48. a8=Q Kxh4 49. Qf3 1-0